| Tag |
First Indicator |
Second Indicator |
Subfields |
| LEADER |
00000cam a22000001 4500 |
| 001 |
in00000095178 |
| 005 |
20150927110649.0 |
| 008 |
690224s1969 njua b 00000 eng |
| 010 |
|
|
|a 69014990
|
| 035 |
|
|
|a (OCoLC)00218624
|
| 035 |
|
|
|9 AAL7058AM
|
| 037 |
|
|
|c 35.00
|
| 040 |
|
|
|a DLC
|c DLC
|d TXA
|d UtOrBLW
|
| 049 |
|
|
|a TXAM
|c [526276]
|
| 050 |
0 |
0 |
|a TP217.N5
|b P6
|
| 082 |
0 |
|
|a 661/.24
|
| 100 |
1 |
|
|a Powell, Robert,
|d 1918-
|
| 245 |
1 |
0 |
|a Nitric acid technology :
|b recent developments.
|
| 264 |
|
1 |
|a Park Ridge, N.J. :
|b Noyes Development Corp.,
|c 1969.
|
| 300 |
|
|
|a 248 pages :
|b illustrations ;
|c 28 cm.
|
| 336 |
|
|
|a text
|b txt
|2 rdacontent
|
| 337 |
|
|
|a unmediated
|b n
|2 rdamedia
|
| 338 |
|
|
|a volume
|b nc
|2 rdacarrier
|
| 490 |
1 |
|
|a Chemical process review ;
|v no. 30
|
| 504 |
|
|
|a Bibliography: pages 246-247.
|
| 650 |
|
0 |
|a Nitric acid.
|
| 830 |
|
0 |
|a Chemical process review ;
|v no. 30.
|
| 999 |
|
|
|a MARS
|
| 999 |
f |
f |
|s cb076cd2-fadb-39df-bb6c-0affb9d8d215
|i c0364f91-0d41-3a29-af5f-f59592042cd3
|t 0
|
| 952 |
f |
f |
|p ric
|a Texas A&M University
|b Rellis Campus
|c Joint Library Facility
|d Remote Storage
|t 0
|e TP217.N5 P6
|h Library of Congress classification
|i unmediated -- volume
|m A14805601557
|
| 998 |
f |
f |
|a TP217.N5 P6
|t 0
|l Remote Storage
|